South Eastern Kenya University

Library Online Public Access Catalogue


Calculus with applications / (Record no. 10579)

MARC details
000 -LEADER
fixed length control field 00898pam a2200289 a 4500
001 - CONTROL NUMBER
control field 2369509
003 - CONTROL NUMBER IDENTIFIER
control field OSt
005 - DATE AND TIME OF LATEST TRANSACTION
control field 20160209100908.0
008 - FIXED-LENGTH DATA ELEMENTS--GENERAL INFORMATION
fixed length control field 841024s1985 ilua 001 0 eng
010 ## - LIBRARY OF CONGRESS CONTROL NUMBER
LC control number 84023561
020 ## - INTERNATIONAL STANDARD BOOK NUMBER
International Standard Book Number 0673158950 :
Terms of availability $27.95
040 ## - CATALOGING SOURCE
Original cataloging agency DLC
Transcribing agency DLC
Modifying agency DLC
050 00 - LIBRARY OF CONGRESS CALL NUMBER
Classification number QA303
Item number .L53 2012
082 00 - DEWEY DECIMAL CLASSIFICATION NUMBER
Classification number 515
Edition number 19
100 1# - MAIN ENTRY--PERSONAL NAME
Personal name Lial, Margaret L.
245 10 - TITLE STATEMENT
Title Calculus with applications /
Statement of responsibility, etc. Margaret L. Lial, Charles D. Miller.
250 ## - EDITION STATEMENT
Edition statement 3rd ed.
260 ## - PUBLICATION, DISTRIBUTION, ETC. (IMPRINT)
Place of publication, distribution, etc. Glenview, Ill. :
Name of publisher, distributor, etc. Scott, Foresman,
Date of publication, distribution, etc. c1985.
300 ## - PHYSICAL DESCRIPTION
Extent xxxvi, 651 p. :
Other physical details ill. ;
Dimensions 25 cm.
500 ## - GENERAL NOTE
General note Rev. ed. of: Essential calculus. 2nd ed. c1980.
500 ## - GENERAL NOTE
General note Includes index.
650 #0 - SUBJECT ADDED ENTRY--TOPICAL TERM
Topical term or geographic name as entry element Calculus.
700 1# - ADDED ENTRY--PERSONAL NAME
Personal name Miller, Charles D.
Fuller form of name (Charles David),
Dates associated with a name 1942-1986.
700 1# - ADDED ENTRY--PERSONAL NAME
Personal name Lial, Margaret L.
Title of a work Essential calculus.
906 ## - LOCAL DATA ELEMENT F, LDF (RLIN)
a 7
b cbc
c orignew
d 1
e ocip
f 19
g y-gencatlg
942 ## - ADDED ENTRY ELEMENTS (KOHA)
Source of classification or shelving scheme Library of Congress Classification
Koha item type General circulation
Holdings
Withdrawn status Lost status Source of classification or shelving scheme Damaged status Not for loan Home library Current library Shelving location Date acquired Source of acquisition Total Checkouts Full call number Barcode Date last seen Price effective from Koha item type Public note
    Library of Congress Classification     Wote Campus Library Wote Campus Library General Stacks 09/02/2016 donation- books for Africa   QA303 .L53 2012 2016/011188 09/02/2016 09/02/2016 General circulation GM
    Library of Congress Classification     Wote Campus Library Wote Campus Library General Stacks 09/05/2016 donation- books for Africa   QA303 .L53 2012 2016/011627 09/05/2016 09/05/2016 General circulation GM
Kitui, Kenya.
+254736116989
library@seku.ac.ke